Biblioteca

Matthew (Registro nro. 64599)

Detalles MARC
000 -LÍDER
Campo fijo de descripción fija 01673nam a22004094i 4500
001 - NÚMERO DE CONTROL
Campo de control 2976755
003 - IDENTIFICADOR DEL NÚMERO DE CONTROL
Campo de control CO-MdFUSB
005 - FECHA Y HORA DE LA ULTIMA TRANSACCIÓN
control field 20181003101139.0
008 - ELEMENTOS DE LONGITUD FIJA -- INFORMACIÓN GENERAL
Campo fijo de descripción fija -- Información general 920325s1992 tnub b 001 0 eng
010 ## - NÚMERO DE CONTROL DE LA BIBLIOTECA DEL CONGRESO
Número de control LC 92013777
020 ## - NÚMERO INTERNACIONAL NORMALIZADO PARA LIBROS
Número Internacional Normalizado del libro 0805401229 :
Términos de disponibilidad $24.95
040 ## - FUENTE DE CATALOGACIÓN
Agencia de catalogación original DLC
Agencia que realiza la modificación DLC
Idioma de catalogación spa
Agencia que realiza la transcripción CO-MdFUSB
Convenciones de la descripción rda
041 ## - CÓDIGO DE IDIOMA
Código de idioma para texto/pista de sonido o título separado eng
082 00 - NÚMERO DE CLASIFICACIÓN DECIMAL DEWEY
Número de clasificación 226.207
Número de la edición del Dewey 23
Clave de autor-Numero de item B653
100 1# - ASIENTO PRINCIPAL--NOMBRE PERSONAL
Nombre personal Blomberg, Craig L.,
Fechas asociadas con el nombre 1955-
Término relacionador autor
245 #0 - TÍTULO
Título del Material Matthew
Mención de responsabilidad, etc. / Craig L. Blomberg.
264 #1 - PRODUCCIÓN, PUBLICACIÓN, DISTRIBUCIÓN, MANUFACTURA, Y COPYRIGHT
Lugar de producción, publicación, distribución, manufactura Nashville, Tennessee USA :
Nombre del productor, publicador, distribuidor Broadman Press,
Fecha de producción, publicación, distribución, manufactura, o copyright ℗[1992]
264 #4 - PRODUCCIÓN, PUBLICACIÓN, DISTRIBUCIÓN, MANUFACTURA, Y COPYRIGHT
Fecha de producción, publicación, distribución, manufactura, o copyright ©1992
300 ## - DESCRIPCIÓN FÍSICA
Extensión 464 páginas ;
Dimensiones 24 cm.
336 ## - TIPO DE CONTENIDO
Fuente rdacontent
Término de tipo de contenido texto
Código de tipo de contenido txt
337 ## - TIPO DE MEDIO
Fuente rdamedia
Nombre del tipo de medio sin mediación
Código del tipo de medio n
338 ## - TIPO DE SOPORTE
Fuente rdacarrier
Nombre del tipo de soporte volumen
Código Tipo de soporte nc
490 1# - MENCIÓN DE SERIE
Mención de serie The New American Commentary
504 ## - NOTA DE BIBLIOGRAFÍA, ETC.
Nota de bibliografía, etc Incluye índice temático (página 435)<br/>Incluye índice de personas (página 439)<br/>Incluye índice de escritura (página página 447)
505 ## - NOTA DE CONTENIDO
Nota de contenido con formato preestablecido Introducción -- l. Introducción al ministerio de Jesús (1:1—4:16) -- ll. El desarrollo del ministerio de Jesús (4:17-16:20) -- lll. El climax del ministerio de Jesús (16:21-28:20)
563 ## - NOTA DE ENCUADERNACIÓN
Nota de encuadernación Tapa dura
630 #7 - TITULO UNIFORME
Título uniforme Biblia.
Subdivisión de forma Mateo
Subdivisión de materia general Crítica, interpretación, etc.
700 ## - ASIENTO SECUNDARIO - NOMBRE PERSONAL
Nombre personal Dockery, David S.
Responsabilidad editor
830 ## - PUNTO DE ACCESO ADICIONAL DE SERIE - TÍTULO UNIFORME
Título uniforme The New American Commentary
Designación de volumen o secuencia Vol. 22
856 42 - LOCALIZACIÓN Y ACCESO ELECTRÓNICOS
Identificador Uniforme del Recurso <a href="http://www.loc.gov/catdir/enhancements/fy1003/92013777-d.html">http://www.loc.gov/catdir/enhancements/fy1003/92013777-d.html</a>
856 42 - LOCALIZACIÓN Y ACCESO ELECTRÓNICOS
Identificador Uniforme del Recurso <a href="http://www.loc.gov/catdir/enhancements/fy1011/92013777-b.html">http://www.loc.gov/catdir/enhancements/fy1011/92013777-b.html</a>
906 ## - LOCAL DATA ELEMENT F, LDF (RLIN)
a 7
b cbc
c orignew
d 1
e ocip
f 19
g y-gencatlg
942 ## - TIPO DE MATERIAL (KOHA)
Tipo de Item KOHA Libros General
Existencias
Estado de Material Estado de Perdido Forma de Clasificación Estado de Dañado No para Préstamo Colección Biblioteca de Origen Biblioteca Permanente Fecha de Adquisición Total de Préstamos Total de Renovaciones Signatura Topográfica Código de Barras Última vez visto Última vez Préstado Ejemplar/Existencia Fecha de Remplazo Tipo de Material
    Dewey Decimal Classification     Colección General Biblioteca FUSBC Biblioteca FUSBC 03/10/2018 3 4 G 226.207 B653m 5030 14/11/2025 29/10/2025 Ej. 1 03/10/2018 Libros General

Biblioteca FUSBC | Teléfono: (57+4) 349 88 10 Ext. 141| WhatsApp (+57) 3005338115 
E-mail: biblioteca@unisbc.edu.co | Calle 76 87-14 Robledo Palenque, Medellín, Colombia

Con tecnología Koha